• AIU
  • Tony Wilmot Memorial Library

An index of Nigerian languages / (Record no. 37670)

MARC details
000 -LEADER
fixed length control field 00575nam a22002051a 4500
003 - CONTROL NUMBER IDENTIFIER
control field NEGST
005 - DATE AND TIME OF LATEST TRANSACTION
control field 20110718132534.0
008 - FIXED-LENGTH DATA ELEMENTS--GENERAL INFORMATION
fixed length control field 030613s1992 txu 001 0 eng d
020 ## - INTERNATIONAL STANDARD BOOK NUMBER
International Standard Book Number 0883126117
245 03 - TITLE STATEMENT
Title An index of Nigerian languages /
Statement of responsibility, etc ed. by D.H. Crozier and R.M. Blench.
Medium [Text]
250 ## - EDITION STATEMENT
Edition statement 2d ed.
260 ## - PUBLICATION, DISTRIBUTION, ETC. (IMPRINT)
Place of publication, distribution, etc Dallas, TX
Name of publisher, distributor, etc SIL
Date of publication, distribution, etc c1992
300 ## - PHYSICAL DESCRIPTION
Extent iv, 137p : map.
500 ## - GENERAL NOTE
General note Includes bibliography.
590 ## - LOCAL NOTE (RLIN)
Local note Accession number: 19762
650 #0 - SUBJECT ADDED ENTRY--TOPICAL TERM
Topical term or geographic name as entry element Nigeria
General subdivision Languages.
700 1# - ADDED ENTRY--PERSONAL NAME
Personal name Crozier, David H.
700 1# - ADDED ENTRY--PERSONAL NAME
Personal name Blench, Roger M.
Holdings
Withdrawn status Lost status Source of classification or shelving scheme Damaged status Not for loan Collection code Home library Current library Shelving location Date acquired Cost, normal purchase price Total Checkouts Full call number Barcode Date last seen Price effective from Koha item type
    Library of Congress Classification     Reference AIU/NEGST - Tony Wilmot Memorial Library AIU/NEGST - Tony Wilmot Memorial Library Reference 03/12/2010 15.00   REF PL 8021.N5C76 1992 R07487N3232 09/30/2019 03/12/2010 Africana collection ( Reference)